Größte Städte in Deutschlands Nachbarländern - Statistiken

Allgemein
  • Dieses Quiz wurde 78 mal gespielt
  • Das Durchschnittsergebnis liegt bei 26 aus 30
Antwortstatistiken
Land Einwohner Stadt % Korrekt
Deutschland 3.685.265 Berlin
100%
Deutschland 1.862.565 Hamburg
100%
Deutschland 1.024.621 Köln
100%
Frankreich 2.048.472 Paris
100%
Polen 1.863.845 Warschau
100%
Niederlande 931.298 Amsterdam
99%
Frankreich 877.215 Marseille
99%
Tschechien 1.394.435 Prag
99%
Österreich 2.028.399 Wien
99%
Deutschland 618.685 Düsseldorf
97%
Deutschland 1.505.005 München
97%
Deutschland 756.021 Frankfurt am Main
96%
Dänemark 667.099 Kopenhagen
96%
Deutschland 612.663 Stuttgart
96%
Deutschland 603.462 Dortmund
95%
Niederlande 670.610 Rotterdam
93%
Frankreich 520.774 Lyon
92%
Deutschland 611.850 Leipzig
90%
Deutschland 574.682 Essen
88%
Deutschland 564.094 Dresden
86%
Deutschland 586.271 Bremen
84%
Polen 809.168 Krakau
84%
Deutschland 529.508 Nürnberg
84%
Deutschland 522.131 Hannover
82%
Niederlande 566.221 Den Haag
81%
Belgien 562.002 Antwerpen
79%
Polen 645.693 Lodz
63%
Frankreich 511.684 Toulouse
59%
Polen 672.882 Breslau
56%
Polen 536.151 Posen
48%
Keine übereinstimmenden Quizze gefunden
Verteilung der Resultate
Anzahl Personen mit jedem Resultat
Perzentil nach korrekt beantworteten Fragen
Ihre Resultats-Entwicklung
Sie haben dieses Quiz noch nicht gespielt